000 00399 a2200169 4500
001 74161
020 _a850810625-4
040 _cAnchieta - Colégio São Paulo
100 _aVesentini, José William
240 1 0 _aBrasil sociedade e espaço
_lpor
245 1 0 _aBrasil sociedade e espaço
300 _a408
362 0 _a2006
440 1 _aÁtica
650 4 _aGeografia e viagens
942 _cBK
999 _c74161
_d74161